000 00882nam a2200289 a 4500
008
020 _a0871504707 (pbk.)
090 _aQA276.4
_bRYA
100 1 _aRyan, Barbara F.
245 1 0 _aMinitab handbook /
_cBarbara F. Ryan, Brian L. Joiner, Thomas A. Ryan, Jr.
250 _a2nd ed.
260 _aBoston :
_bPWS-Kent,
_cc1985.
300 _aix, 379 p. :
_bill. ;
_c24 cm.
500 _aIncludes index.
504 _aIncludes bibliographical references.
630 0 0 _aMinitab
_vHandbooks, manuals, etc.
650 0 _aStatistics
_xData processing.
650 0 _aMathematical statistics
_xData processing.
700 1 _aJoiner, Brian L.
700 1 _aRyan, Thomas A.
907 _a.b10157414
_b27-03-12
_c07-03-05
003
005 20230123133942.0
040 _cNUST
049 _aMAIN
942 _cBOOKS
_kQA276.4
_mRYA
999 _c157471
_d157471